A Textbook of Scientific and Technical Communication Writing for Engineers and Professionals / (Record no. 2237)

000 -LEADER
fixed length control field 00386 a2200109 4500
020 ## - INTERNATIONAL STANDARD BOOK NUMBER
International Standard Book Number 8176257516
082 ## - DEWEY DECIMAL CLASSIFICATION NUMBER
Classification number 808.0666 SHA
100 ## - MAIN ENTRY--PERSONAL NAME
Personal name Sharma, S. D.
245 ## - TITLE STATEMENT
Title A Textbook of Scientific and Technical Communication Writing for Engineers and Professionals /
Statement of responsibility, etc. S. D. Sharma
260 ## - PUBLICATION, DISTRIBUTION, ETC.
Place of publication, distribution, etc. New Delhi :
Name of publisher, distributor, etc. Sarup and Sons,
Date of publication, distribution, etc. 2007
300 ## - PHYSICAL DESCRIPTION
Extent xx, 502p. :
Other physical details ill. ;
Dimensions 23 cm
650 ## - SUBJECT ADDED ENTRY--TOPICAL TERM
Topical term or geographic name entry element Scientific and Technical Communication
Holdings
Withdrawn status Lost status Damaged status Not for loan Permanent Location Current Location Shelving location Date acquired Total Checkouts Full call number Barcode Checked out Date last seen Date last checked out Price effective from Koha item type
        School of Civil and Environmental Engineering (SCEE) School of Civil and Environmental Engineering (SCEE)     1 808.0666 SHA NIT-6603 12/04/2019 10/23/2019 10/23/2019 01/05/2017 Book
© 2023 Central Library, National University of Sciences and Technology. All Rights Reserved.